LEADER 01378nam a22003615i 4500 001 991002242139707536 007 cr nn 008mamaa 008 121227s1993 de | s |||| 0|eng d 020 $a9783540477532 035 $ab14143306-39ule_inst 040 $aBibl. Dip.le Aggr. Matematica e Fisica - Sez. Matematica$beng 082 04$a515$223 084 $aAMS 41A50 084 $aAMS 43A46 084 $aAMS 46A55 084 $aAMS 47A12 084 $aAMS 52A07 100 1 $aHarmand, Peter$0285750 245 10$aM-ideals in Banach spaces and Banach algebras$h[e-book] /$cby Peter Harmand, Dirk Werner, Wend Werner 260 $aBerlin :$bSpringer,$c1993 300 $a1 online resource (viii, 396 p.) 440 0$aLecture Notes in Mathematics,$x0075-8434 ;$v1547 650 0$aMathematics 650 0$aGlobal analysis (Mathematics) 700 1 $aWerner, Dirk$eauthor$4http://id.loc.gov/vocabulary/relators/aut$0441099 700 1 $aWerner, Wend$eauthor$4http://id.loc.gov/vocabulary/relators/aut$067131 773 0 $aSpringer eBooks 856 40$uhttp://dx.doi.org/10.1007/BFb0084355$zAn electronic book accessible through the World Wide Web 907 $a.b14143306$b03-03-22$c05-09-13 912 $a991002242139707536 996 $aM-ideals in Banach spaces and Banach algebras$978698 997 $aUNISALENTO 998 $ale013$b05-09-13$cm$d@ $e-$feng$gde $h0$i0